MARC

LEADER 00000nab a2200000 a 4500
001 vtls000417049
003 SK-MaSNL
005 20260305044805.0
008 140507c1991 xo 0 slo
015 |a SNBRB19rr/mm-uuuuu 
035 |a CL0417174 
040 |a SNKBUCL  |b slo  |c SNKBUCL  |e AACR2 
041 0 |a slo 
044 |a xo  |c SK 
080 |a 792.8  |2 1981 
100 1 |a Gajdošová, Eva,  |d 1964-  |4 aut  |9 208010 
245 1 0 |a Dvadsiate storočie v SND  |c Eva Gajdošová 
600 1 7 |a Stravinskij, Igor,  |d 1882-1971  |t Svadba  |2 snkbucl  |9 1628350 
600 1 7 |a Stravinskij, Igor,  |d 1882-1971  |t Vták Ohnivák  |2 snkbucl  |9 119861 
610 2 7 |a Slovenské národné divadlo.  |b Balet  |2 snkbucl  |9 32457 
610 2 7 |a Toxedomoon (hudobná skupina)  |2 snkbucl  |9 1628351 
630 0 7 |a Slová z úst anjelov (baletný triptych)  |2 snkbucl  |9 122464 
650 0 7 |a balety  |2 snkbucl  |9 31615 
650 0 7 |a baletné inscenácie  |2 snkbucl  |9 3329 
655 7 |a recenzie  |2 snkbucl  |9 21907 
655 7 |a články z novín a časopisov  |2 snkbucl  |9 267496 
773 0 |t Kultúrny život  |g Roč. 25, č. 15 (1991), s. 12 
850 |a Slovenská národná knižnica v Martine  |a MTA001 
852 |a SNK  |b KIS3GCP 
992 |a RBX 
999 |c 3360521  |d 3362451